Abnormal psychology / (Record no. 21206)
[ view plain ]
| 000 -LEADER | |
|---|---|
| fixed length control field | 00634nam a2200217 a 4500 |
| 005 - DATE AND TIME OF LATEST TRANSACTION | |
| control field | 20140310183313.0 |
| 008 - FIXED-LENGTH DATA ELEMENTS--GENERAL INFORMATION | |
| fixed length control field | 051017s19uu xx 00 eng d |
| 020 ## - INTERNATIONAL STANDARD BOOK NUMBER | |
| International Standard Book Number | 981-247-112-X |
| 050 ## - LIBRARY OF CONGRESS CALL NUMBER | |
| Classification number | RC 454 |
| Item number | .B983 2004 |
| 100 ## - MAIN ENTRY--PERSONAL NAME | |
| Personal name | Butcher, James N. |
| 245 ## - TITLE STATEMENT | |
| Title | Abnormal psychology / |
| Statement of responsibility, etc | James N. Butcher, Susan Mineka, Jill M. Hooley. |
| 250 ## - EDITION STATEMENT | |
| Edition statement | 12th ed. |
| 260 ## - PUBLICATION, DISTRIBUTION, ETC. (IMPRINT) | |
| Place of publication, distribution, etc | Singapore : |
| Name of publisher, distributor, etc | Pearson Education South Asia, |
| Date of publication, distribution, etc | C2004. |
| 300 ## - PHYSICAL DESCRIPTION | |
| Extent | xxxii, 622 p. : |
| Other physical details | ill. ; |
| Dimensions | 28 cm. |
| 521 ## - TARGET AUDIENCE NOTE | |
| Target audience note | |
| 650 ## - SUBJECT ADDED ENTRY--TOPICAL TERM | |
| Topical term or geographic name as entry element | Psychology, Abnormal. |
| 700 ## - ADDED ENTRY--PERSONAL NAME | |
| Personal name | Mineka, Susan |
| 700 ## - ADDED ENTRY--PERSONAL NAME | |
| Personal name | Hooley, Jill |
| 942 ## - ADDED ENTRY ELEMENTS (KOHA) | |
| Koha item type | Books |
| Source of classification or shelving scheme | Library of Congress Classification |
| Call number prefix | Foreign |
| Withdrawn status | Lost status | Source of classification or shelving scheme | Damaged status | Home library | Current library | Shelving location | Date acquired | Total Checkouts | Full call number | Barcode | Date last seen | Date checked out | Copy number | Price effective from | Koha item type |
|---|---|---|---|---|---|---|---|---|---|---|---|---|---|---|---|
| Library of Congress Classification | College Library | College Library | General Circulation Section | 09/05/2006 | 1 | RC 454 .B983 2004 | C7597 | 05/15/2018 | 02/18/2015 | 1 | 03/10/2014 | Books |